| 000 | 00763nam a2200229 a 4500 | ||
|---|---|---|---|
| 001 | 72162 | ||
| 003 | BD-RjUL | ||
| 005 | 20211209082223.0 | ||
| 008 | 170514s1968 bg |||| |||| 000 0 ben d | ||
| 020 | _c: Rs. 3.00 | ||
| 035 | _a(BD-RjUL)72378 | ||
| 040 |
_aBD-RjUL _bben _cBD-RjUL _dBD-RjUL |
||
| 041 | _aben | ||
| 082 |
_223 _a891.443 _bAHN 1968 |
||
| 100 | 1 |
_aআহম্মদ, রিয়াজউদ্দিন _9213410 |
|
| 245 | 1 | 0 |
_aনারীরমন / _cরিয়াজউদ্দিন আহম্মদ |
| 260 |
_aঢাকা : _bকথাকলি, _c১৯৬৮ |
||
| 300 |
_a৯৩ পৃ. ; _c২৭ সেমি. |
||
| 650 |
_aবাংলা উপন্যাস _9213411 |
||
| 650 |
_aBengali Fiction _9213412 |
||
| 942 |
_2ddc _cBK |
||
| 999 |
_c72162 _d72162 |
||